| 000 | 00714nam a22002177a 4500 | ||
|---|---|---|---|
| 003 | UA-OsUOA | ||
| 001 | 34441 | ||
| 007 | ta | ||
| 008 | 20051004b un ||||| |||| 00| 0 ukr d | ||
| 090 |
_a908(477-04) _bЕ45 |
||
| 942 | _cBK | ||
| 040 |
_aUA-OsUOA _bukr _cUA-OsUOA _dUA-OsUOA |
||
| 245 |
_aЕкономіко-, соціально-, і еколого-географічні проблеми західноукраїнського прикордоння _bТематичний збірник наукових праць |
||
| 300 | _a254 с. | ||
| 955 | _a2 | ||
| 041 | _aukr | ||
| 080 | _a908(477-04) | ||
| 260 |
_aЛьвів _bЛДУ _c1997 |
||
| 650 | 7 |
_a908 Краєзнавство _2UDC |
|
| 999 |
_c320871 _d320871 |
||